7 câu hỏi chiến lược Seven Strategy Questions :Seven Strategy Questions

Tìm hiểu bản chất của việc cạnh tranh và chiến thắng trên thị trường với 7 câu hỏi hóc búa: Ai là khách hàng chính của bạn? Làm thế nào giá trị cốt lõi của bạn xác định ưu tiên giữa cổ đông, nhân viên và khách hàng? Đâu là các biến hiện...

全面介绍

Đã lưu trong:
书目详细资料
主要作者: Simons, Robert
其他作者: Nguyễn, Thị Hồng Phương
格式: 图书
语言:Undetermined
出版: H. Tài chính 2019
主题:
在线阅读:http://lrc.tdmu.edu.vn/opac/search/detail.asp?aID=2&ID=41376
标签: 添加标签
没有标签, 成为第一个标记此记录!
Thư viện lưu trữ: Trung tâm Học liệu Trường Đại học Thủ Dầu Một
LEADER 01269nam a2200229Ia 4500
001 TDMU_41376
008 210410s9999 xx 000 0 und d
082 |a 079.597 
090 |b S310 
100 |a Simons, Robert 
245 0 |a 7 câu hỏi chiến lược 
245 0 |b Seven Strategy Questions :Seven Strategy Questions 
245 0 |c Robert Simons ; Nguyễn Thị Hồng Phương dịch 
260 |a H. 
260 |b Tài chính 
260 |c 2019 
300 |a 252tr. 
520 |a Tìm hiểu bản chất của việc cạnh tranh và chiến thắng trên thị trường với 7 câu hỏi hóc búa: Ai là khách hàng chính của bạn? Làm thế nào giá trị cốt lõi của bạn xác định ưu tiên giữa cổ đông, nhân viên và khách hàng? Đâu là các biến hiện suất quan trọng mà bạn đang theo dõi? Biên giới chiến lược mà bạn xác định là gì... 
650 |a Kinh doanh  |x Quản lý  |x Hoạch định chính sách 
700 |a Nguyễn, Thị Hồng Phương 
856 |u http://lrc.tdmu.edu.vn/opac/search/detail.asp?aID=2&ID=41376 
980 |a Trung tâm Học liệu Trường Đại học Thủ Dầu Một